[Event "DVM U14 2018"]
[Site "Magdeburg GER"]
[Date "2018.12.28"]
[Round "4"]
[White "Heutling, Elina"]
[Black "Ellert, Oliver"]
[Result "1-0"]
[Termination "normal"]
[Board "1.4"]
[WhiteElo "1742"]
[BlackElo "1584"]
[WhiteClock "00:32:07"]
[BlackClock "00:56:53"]
[WhiteTeam "Schachzwerge Magdeburg"]
[BlackTeam "SV Empor Berlin"]
[PlyCount "67"]
[WhiteFideId "16244729"]
[BlackFideId "16246241"]
[EventCountry "GER"]
[EventRounds "7"]
[EventType "team-swiss"]
[EventDate "2018.12.26"]

1. e4 {[%clk 1:30:58]} d5 {[%clk 1:30:54]} 2. exd5 {[%clk 1:31:22]} Nf6 {[%clk
1:31:19]} 3. d4 {[%clk 1:31:29]} c6 {[%clk 1:31:40]} 4. Nf3 {[%clk 1:26:46]}
cxd5 {[%clk 1:31:22]} 5. Bd3 {[%clk 1:23:21]} e6 {[%clk 1:30:32]} 6. O-O {[%clk
1:16:03]} Nc6 {[%clk 1:29:01]} 7. c3 {[%clk 1:12:36]} Be7 {[%clk 1:28:12]} 8.
Nbd2 {[%clk 1:10:30]} Bd7 {[%clk 1:26:58]} 9. Ne5 {[%clk 1:06:03]} Qc7 {[%clk
1:26:09]} 10. Ndf3 {[%clk 1:03:52]} h6 {[%clk 1:25:38]} 11. Re1 {[%clk
1:01:13]} g5 {[%clk 1:22:36]} 12. Nxc6 {[%clk 0:59:30]} Bxc6 {[%clk 1:21:27]}
13. Ne5 {[%clk 0:58:13]} Bd6 {[%clk 1:18:34]} 14. Qf3 {[%clk 0:52:03]} Bxe5
{[%clk 1:16:48]} 15. dxe5 {[%clk 0:47:07]} Nd7 {[%clk 1:16:56]} 16. Qe3 {[%clk
0:44:56]} Ke7 {[%clk 1:09:30]} 17. b3 {[%clk 0:44:17]} Rag8 {[%clk 1:06:21]}
18. Ba3+ {[%clk 0:43:57]} Ke8 {[%clk 1:06:06]} 19. Bd6 {[%clk 0:42:26]} Qb6
{[%clk 1:05:33]} 20. Qe2 {[%clk 0:36:33]} h5 {[%clk 1:05:10]} 21. a4 {[%clk
0:34:11]} h4 {[%clk 1:00:19]} 22. b4 {[%clk 0:32:07]} Nf8 {[%clk 0:56:53]} 23.
b5 Bd7 24. a5 Qd8 25. b6 axb6 26. axb6 Bc6 27. Bc7 Qc8 28. Ra7 Kd7 29. Bb5 Ng6
30. Bxc6+ Kxc6 31. Rb1 Kd7 32. Qb5+ Ke7 33. Bd6+ Kd8 34. Rba1 1-0

[Event "DVM U14 2018"]
[Site "Magdeburg GER"]
[Date "2018.12.28"]
[Round "4"]
[White "Weihrauch, Jakob"]
[Black "Lutz, Ruben"]
[Result "1/2-1/2"]
[Termination "normal"]
[Board "2.1"]
[WhiteElo "2087"]
[BlackElo "2037"]
[WhiteClock "00:46:22"]
[BlackClock "00:47:24"]
[WhiteTeam "Hamburger SK"]
[BlackTeam "USV TU Dresden"]
[PlyCount "43"]
[WhiteFideId "16210115"]
[BlackFideId "12975974"]
[EventCountry "GER"]
[EventRounds "7"]
[EventType "team-swiss"]
[EventDate "2018.12.26"]

1. d4 {[%clk 1:30:48]} d5 {[%clk 1:30:48]} 2. c4 {[%clk 1:31:15]} dxc4 {[%clk
1:30:21]} 3. Nc3 {[%clk 1:29:40]} e5 {[%clk 1:28:49]} 4. d5 {[%clk 1:25:03]}
Nf6 {[%clk 1:28:21]} 5. e4 {[%clk 1:22:45]} b5 {[%clk 1:22:47]} 6. Nxb5 {[%clk
1:22:24]} Nxe4 {[%clk 1:23:08]} 7. Qa4 {[%clk 1:21:22]} Bd7 {[%clk 1:14:53]} 8.
Qxc4 {[%clk 1:20:54]} Bxb5 {[%clk 1:14:49]} 9. Qxb5+ {[%clk 1:20:56]} Nd7
{[%clk 1:15:14]} 10. Qa4 {[%clk 1:17:06]} Nef6 {[%clk 1:12:52]} 11. Bb5 {[%clk
1:10:31]} Bd6 {[%clk 1:11:41]} 12. Ne2 {[%clk 1:04:10]} O-O {[%clk 1:07:07]}
13. Nc3 {[%clk 1:00:24]} Nb6 {[%clk 1:04:26]} 14. Qd1 {[%clk 0:57:23]} Bb4
{[%clk 1:02:40]} 15. Bc6 {[%clk 0:54:27]} Nbxd5 {[%clk 1:00:05]} 16. Bxa8
{[%clk 0:52:58]} Qxa8 {[%clk 0:55:14]} 17. O-O {[%clk 0:49:41]} Nxc3 {[%clk
0:55:27]} 18. bxc3 {[%clk 0:50:10]} Bxc3 {[%clk 0:55:50]} 19. Rb1 {[%clk
0:50:34]} Bd4 {[%clk 0:56:01]} 20. Ba3 {[%clk 0:50:06]} c5 {[%clk 0:50:17]} 21.
Qc2 {[%clk 0:48:27]} Ne4 {[%clk 0:47:24]} 22. Rbe1 {[%clk 0:46:22]} 1/2-1/2

[Event "DVM U14 2018"]
[Site "Magdeburg GER"]
[Date "2018.12.28"]
[Round "4"]
[White "Lutz, Adam"]
[Black "Kotyk, Michael"]
[Result "0-1"]
[Termination "normal"]
[Board "2.2"]
[WhiteElo "1782"]
[BlackElo "2016"]
[WhiteClock "00:57:02"]
[BlackClock "00:44:01"]
[WhiteTeam "USV TU Dresden"]
[BlackTeam "Hamburger SK"]
[PlyCount "92"]
[WhiteFideId "16226615"]
[BlackFideId "16214501"]
[EventCountry "GER"]
[EventRounds "7"]
[EventType "team-swiss"]
[EventDate "2018.12.26"]

1. e4 {[%clk 1:30:45]} e5 {[%clk 1:30:53]} 2. Nf3 {[%clk 1:31:03]} Nc6 {[%clk
1:31:19]} 3. d4 {[%clk 1:31:16]} exd4 {[%clk 1:31:43]} 4. Nxd4 {[%clk 1:31:42]}
Nf6 {[%clk 1:32:10]} 5. Nxc6 {[%clk 1:31:53]} bxc6 {[%clk 1:32:37]} 6. e5
{[%clk 1:32:14]} Qe7 {[%clk 1:33:05]} 7. Qe2 {[%clk 1:32:34]} Nd5 {[%clk
1:33:30]} 8. c4 {[%clk 1:32:35]} Ba6 {[%clk 1:33:56]} 9. b3 {[%clk 1:32:29]} g6
{[%clk 1:34:21]} 10. f4 {[%clk 1:31:46]} d6 {[%clk 1:34:37]} 11. Qf2 {[%clk
1:31:21]} Nf6 {[%clk 1:34:43]} 12. Qe2 {[%clk 1:29:27]} dxe5 {[%clk 1:30:59]}
13. Bb2 {[%clk 1:28:51]} Bg7 {[%clk 1:30:07]} 14. Qxe5 {[%clk 1:27:16]} Qxe5+
{[%clk 1:29:31]} 15. Bxe5 {[%clk 1:26:54]} O-O-O {[%clk 1:26:22]} 16. Nd2
{[%clk 1:25:52]} Rhe8 {[%clk 1:24:03]} 17. O-O-O {[%clk 1:23:51]} c5 {[%clk
1:09:33]} 18. Be2 {[%clk 1:19:53]} Nd7 {[%clk 1:07:07]} 19. Bxg7 {[%clk
1:13:36]} Rxe2 {[%clk 1:07:32]} 20. g4 {[%clk 1:13:43]} Rde8 {[%clk 1:00:56]}
21. Bb2 {[%clk 1:11:26]} Bb7 {[%clk 1:00:24]} 22. Rhf1 {[%clk 1:10:20]} Rxh2
{[%clk 1:00:09]} 23. Rde1 {[%clk 1:09:30]} Ree2 {[%clk 0:58:53]} 24. Rxe2
{[%clk 1:09:45]} Rxe2 {[%clk 0:59:21]} 25. Kd1 {[%clk 1:10:03]} Rh2 {[%clk
0:57:40]} 26. Re1 {[%clk 1:10:05]} Kd8 {[%clk 0:57:53]} 27. Kc1 {[%clk
1:07:44]} h5 {[%clk 0:56:00]} 28. gxh5 {[%clk 1:06:22]} Rxh5 {[%clk 0:56:02]}
29. Ne4 {[%clk 1:03:52]} Rf5 {[%clk 0:54:53]} 30. Ba3 {[%clk 1:03:25]} Bxe4
{[%clk 0:52:10]} 31. Rxe4 {[%clk 1:03:33]} Nf6 {[%clk 0:52:35]} 32. Re5 {[%clk
1:02:55]} Rxe5 {[%clk 0:52:24]} 33. fxe5 {[%clk 1:03:16]} Nd7 {[%clk 0:52:38]}
34. Kd2 {[%clk 1:02:35]} Ke7 {[%clk 0:52:17]} 35. Ke3 {[%clk 1:01:53]} Ke6
{[%clk 0:52:45]} 36. Bb2 {[%clk 0:59:16]} Nxe5 {[%clk 0:52:11]} 37. Bc3 {[%clk
0:59:19]} g5 {[%clk 0:51:59]} 38. Be1 {[%clk 0:59:13]} f5 {[%clk 0:52:15]} 39.
a4 {[%clk 0:58:10]} f4+ {[%clk 0:52:29]} 40. Ke4 {[%clk 0:58:29]} Nc6 {[%clk
0:52:04]} 41. Bf2 {[%clk 0:58:23]} Kd6 {[%clk 0:50:40]} 42. Kf5 {[%clk
0:58:41]} Nd4+ {[%clk 0:49:50]} 43. Kxg5 {[%clk 0:58:57]} Ke5 {[%clk 0:47:16]}
44. Kg4 {[%clk 0:58:31]} Ke4 {[%clk 0:47:38]} 45. Bh4 {[%clk 0:57:37]} Nxb3
{[%clk 0:44:01]} 46. Be1 {[%clk 0:57:02]} Ke5 0-1

[Event "DVM U14 2018"]
[Site "Magdeburg GER"]
[Date "2018.12.28"]
[Round "4"]
[White "Klaas, Heiko"]
[Black "Peukert, Marc"]
[Result "1-0"]
[Termination "normal"]
[Board "2.3"]
[WhiteElo "1718"]
[BlackElo "1510"]
[WhiteClock "00:36:48"]
[BlackClock "00:46:51"]
[WhiteTeam "Hamburger SK"]
[BlackTeam "USV TU Dresden"]
[PlyCount "75"]
[WhiteFideId "16215940"]
[BlackFideId "16259440"]
[EventCountry "GER"]
[EventRounds "7"]
[EventType "team-swiss"]
[EventDate "2018.12.26"]

1. e4 {[%clk 1:30:56]} c5 {[%clk 1:30:28]} 2. Nf3 {[%clk 1:31:03]} Nc6 {[%clk
1:30:18]} 3. d4 {[%clk 1:31:18]} cxd4 {[%clk 1:30:38]} 4. Nxd4 {[%clk 1:31:25]}
Nf6 {[%clk 1:30:30]} 5. Nc3 {[%clk 1:30:06]} g6 {[%clk 1:29:29]} 6. Be3 {[%clk
1:28:23]} Bg7 {[%clk 1:28:44]} 7. f3 {[%clk 1:26:07]} O-O {[%clk 1:26:44]} 8.
Qd2 {[%clk 1:12:16]} a6 {[%clk 1:19:51]} 9. O-O-O {[%clk 1:09:50]} Qc7 {[%clk
1:15:06]} 10. g4 {[%clk 1:08:18]} b5 {[%clk 1:13:10]} 11. h4 {[%clk 1:07:04]}
d6 {[%clk 1:08:58]} 12. h5 {[%clk 1:06:29]} Bd7 {[%clk 1:04:45]} 13. hxg6
{[%clk 0:58:21]} fxg6 {[%clk 1:04:43]} 14. Nxc6 {[%clk 0:57:42]} Bxc6 {[%clk
1:00:58]} 15. Bh6 {[%clk 0:55:01]} Rf7 {[%clk 0:58:53]} 16. Bxg7 {[%clk
0:43:03]} Rxg7 {[%clk 0:57:10]} 17. g5 {[%clk 0:43:10]} Nd7 {[%clk 0:51:48]}
18. Bh3 {[%clk 0:38:13]} Rd8 {[%clk 0:46:51]} 19. Nd5 {[%clk 0:36:48]} Bxd5 20.
Qxd5+ Kh8 21. f4 Rc8 22. Rd2 Nb6 23. Qd4 e5 24. Qxd6 Qxd6 25. Rxd6 Nc4 26. Rxa6
Rb8 27. f5 gxf5 28. Bxf5 Ne3 29. Rah6 Rbb7 30. g6 Rbc7 31. Rxh7+ Rxh7 32. Rxh7+
Rxh7 33. gxh7 Nxf5 34. exf5 Kxh7 35. Kd2 Kh6 36. Ke3 Kg5 37. Ke4 Kf6 38. a3 1-0

[Event "DVM U14 2018"]
[Site "Magdeburg GER"]
[Date "2018.12.28"]
[Round "4"]
[White "Günther, Fabian"]
[Black "Blome, Johannes"]
[Result "1-0"]
[Termination "normal"]
[Board "2.4"]
[WhiteElo "1485"]
[BlackElo "1683"]
[WhiteClock "00:15:24"]
[BlackClock "00:00:41"]
[WhiteTeam "USV TU Dresden"]
[BlackTeam "Hamburger SK"]
[PlyCount "71"]
[WhiteFideId "16240294"]
[BlackFideId "16233972"]
[EventCountry "GER"]
[EventRounds "7"]
[EventType "team-swiss"]
[EventDate "2018.12.26"]

1. d4 {[%clk 1:30:59]} d5 {[%clk 1:30:54]} 2. c4 {[%clk 1:31:25]} e6 {[%clk
1:31:18]} 3. Nc3 {[%clk 1:31:11]} Bb4 {[%clk 1:31:41]} 4. Bd2 {[%clk 1:31:36]}
Nf6 {[%clk 1:32:05]} 5. e3 {[%clk 1:31:38]} O-O {[%clk 1:32:27]} 6. Nf3 {[%clk
1:32:05]} b6 {[%clk 1:18:33]} 7. Qb3 {[%clk 1:19:24]} Bxc3 {[%clk 1:15:52]} 8.
Bxc3 {[%clk 1:18:57]} Ne4 {[%clk 1:14:31]} 9. cxd5 {[%clk 1:16:32]} exd5 {[%clk
1:11:17]} 10. Bd3 {[%clk 1:15:58]} Be6 {[%clk 1:08:43]} 11. Qc2 {[%clk
1:14:12]} f5 {[%clk 1:02:09]} 12. Bxe4 {[%clk 1:10:58]} dxe4 {[%clk 1:01:05]}
13. Ne5 {[%clk 1:10:35]} Qd5 {[%clk 0:57:36]} 14. f3 {[%clk 0:53:21]} a5 {[%clk
0:48:55]} 15. O-O {[%clk 0:42:31]} Na6 {[%clk 0:47:35]} 16. a3 {[%clk 0:36:59]}
Rad8 {[%clk 0:29:23]} 17. Rad1 {[%clk 0:26:21]} Qb5 {[%clk 0:14:58]} 18. fxe4
{[%clk 0:18:03]} Bb3 {[%clk 0:09:59]} 19. Qd3 {[%clk 0:18:25]} Qxd3 {[%clk
0:10:24]} 20. Rxd3 {[%clk 0:18:50]} fxe4 {[%clk 0:10:48]} 21. Rd2 {[%clk
0:18:57]} c5 {[%clk 0:08:24]} 22. Rf4 {[%clk 0:17:28]} Rxf4 {[%clk 0:06:26]}
23. exf4 {[%clk 0:15:55]} e3 {[%clk 0:05:51]} 24. Rd3 {[%clk 0:15:09]} e2
{[%clk 0:05:25]} 25. Kf2 {[%clk 0:15:33]} Bd1 {[%clk 0:05:08]} 26. d5 {[%clk
0:14:38]} Kf8 {[%clk 0:02:18]} 27. Nc4 {[%clk 0:14:34]} b5 {[%clk 0:02:20]} 28.
Nxa5 {[%clk 0:14:36]} c4 {[%clk 0:02:09]} 29. Rd4 {[%clk 0:14:49]} Nc5 {[%clk
0:02:20]} 30. Bb4 {[%clk 0:14:48]} Rc8 {[%clk 0:01:16]} 31. Nb7 {[%clk
0:14:59]} Ke8 {[%clk 0:01:10]} 32. Nxc5 {[%clk 0:14:25]} Kd8 {[%clk 0:00:44]}
33. Ne6+ {[%clk 0:14:42]} Kd7 {[%clk 0:01:06]} 34. Nxg7 {[%clk 0:14:44]} c3
{[%clk 0:00:32]} 35. bxc3 {[%clk 0:15:01]} Re8 {[%clk 0:00:41]} 36. Nxe8 {[%clk
0:15:24]} 1-0

[Event "DVM U14 2018"]
[Site "Magdeburg GER"]
[Date "2018.12.28"]
[Round "4"]
[White "Bui, Bao Anh Le"]
[Black "Yi, Danny"]
[Result "1/2-1/2"]
[Termination "normal"]
[Board "3.1"]
[WhiteElo "2071"]
[BlackElo "2133"]
[WhiteClock "00:44:21"]
[BlackClock "00:56:07"]
[WhiteTeam "SV Mattnetz Berlin"]
[BlackTeam "SF 59 Kornwestheim"]
[PlyCount "44"]
[WhiteFideId "12970719"]
[BlackFideId "12988588"]
[EventCountry "GER"]
[EventRounds "7"]
[EventType "team-swiss"]
[EventDate "2018.12.26"]

1. e4 {[%clk 1:30:39]} e5 {[%clk 1:30:51]} 2. Nf3 {[%clk 1:30:40]} Nc6 {[%clk
1:30:39]} 3. Bc4 {[%clk 1:30:44]} Bc5 {[%clk 1:30:59]} 4. d3 {[%clk 1:30:51]}
Nf6 {[%clk 1:31:08]} 5. Nbd2 {[%clk 1:31:14]} a6 {[%clk 1:30:19]} 6. Bb3 {[%clk
1:31:30]} d6 {[%clk 1:29:20]} 7. h3 {[%clk 1:31:37]} h6 {[%clk 1:29:25]} 8. c3
{[%clk 1:30:22]} Ba7 {[%clk 1:27:48]} 9. Nf1 {[%clk 1:30:08]} Ne7 {[%clk
1:27:07]} 10. Ng3 {[%clk 1:29:27]} Ng6 {[%clk 1:26:53]} 11. O-O {[%clk
1:29:39]} O-O {[%clk 1:26:51]} 12. d4 {[%clk 1:30:01]} Re8 {[%clk 1:24:56]} 13.
Re1 {[%clk 1:29:14]} c6 {[%clk 1:23:16]} 14. Be3 {[%clk 1:18:11]} Qc7 {[%clk
1:21:49]} 15. Qd2 {[%clk 1:13:48]} Kh7 {[%clk 1:14:39]} 16. Rad1 {[%clk
1:08:14]} Be6 {[%clk 1:12:58]} 17. Bxe6 {[%clk 1:02:53]} Rxe6 {[%clk 1:12:12]}
18. dxe5 {[%clk 0:50:25]} Bxe3 {[%clk 1:08:45]} 19. Qxe3 {[%clk 0:49:43]} dxe5
{[%clk 1:07:50]} 20. Nf5 {[%clk 0:49:20]} Rd8 {[%clk 1:00:14]} 21. Rd2 {[%clk
0:46:13]} Ree8 {[%clk 0:56:26]} 22. Red1 {[%clk 0:44:21]} Rxd2 {[%clk 0:56:07]}
1/2-1/2

[Event "DVM U14 2018"]
[Site "Magdeburg GER"]
[Date "2018.12.28"]
[Round "4"]
[White "Afonso, Nils"]
[Black "Schauties, Nico Antonio"]
[Result "1-0"]
[Termination "normal"]
[Board "3.2"]
[WhiteElo "2012"]
[BlackElo "1916"]
[WhiteClock "01:15:19"]
[BlackClock "00:40:25"]
[WhiteTeam "SF 59 Kornwestheim"]
[BlackTeam "SV Mattnetz Berlin"]
[PlyCount "45"]
[WhiteFideId "12990582"]
[BlackFideId "16206371"]
[EventCountry "GER"]
[EventRounds "7"]
[EventType "team-swiss"]
[EventDate "2018.12.26"]

1. d4 {[%clk 1:21:35]} d5 2. c4 {[%clk 1:21:35]} e6 3. Nc3 {[%clk 1:21:35]} c6
4. e4 {[%clk 1:21:35]} dxe4 5. Nxe4 {[%clk 1:21:35]} Bb4+ 6. Bd2 {[%clk
1:21:35]} Qxd4 7. Bxb4 {[%clk 1:21:35]} Qxe4+ 8. Be2 {[%clk 1:21:35]} Na6 9.
Bd6 {[%clk 1:21:35]} Qxg2 10. Qd2 {[%clk 1:21:35]} Nf6 11. Bf3 {[%clk 1:21:35]}
Qg6 12. O-O-O {[%clk 1:21:35]} Bd7 13. Ne2 {[%clk 1:21:35]} h6 14. Rhg1 {[%clk
1:21:35]} Qh7 {[%clk 0:40:25]} 15. Ng3 {[%clk 1:21:35]} Ng8 {[%clk 0:40:25]}
16. Be7 {[%clk 1:21:35]} Nb8 {[%clk 0:40:25]} 17. Bd6 {[%clk 1:21:35]} Na6
{[%clk 0:40:25]} 18. Nh5 {[%clk 1:21:35]} g6 {[%clk 0:40:25]} 19. Be5 {[%clk
1:21:35]} O-O-O {[%clk 0:40:25]} 20. Nf6 {[%clk 1:21:35]} Nxf6 {[%clk 0:40:25]}
21. Bxf6 {[%clk 1:21:35]} Nb8 {[%clk 0:40:25]} 22. Qa5 {[%clk 1:21:35]} Na6
{[%clk 0:40:25]} 23. Bxc6 {[%clk 1:15:19]} 1-0

[Event "DVM U14 2018"]
[Site "Magdeburg GER"]
[Date "2018.12.28"]
[Round "4"]
[White "Schnabel, Luise"]
[Black "Kluge, Malte"]
[Result "1-0"]
[Termination "normal"]
[Board "3.3"]
[WhiteElo "1837"]
[BlackElo "1584"]
[WhiteClock "00:47:18"]
[BlackClock "00:44:27"]
[WhiteTeam "SV Mattnetz Berlin"]
[BlackTeam "SF 59 Kornwestheim"]
[PlyCount "117"]
[WhiteFideId "12943347"]
[BlackFideId "16243838"]
[EventCountry "GER"]
[EventRounds "7"]
[EventType "team-swiss"]
[EventDate "2018.12.26"]

1. e4 {[%clk 1:30:56]} c5 {[%clk 1:30:51]} 2. Nf3 {[%clk 1:31:16]} Nc6 {[%clk
1:30:51]} 3. d4 {[%clk 1:31:31]} cxd4 {[%clk 1:30:23]} 4. Nxd4 {[%clk 1:31:50]}
g6 {[%clk 1:29:42]} 5. Nc3 {[%clk 1:31:24]} Bg7 {[%clk 1:28:58]} 6. Nb3 {[%clk
1:31:29]} Nf6 {[%clk 1:28:16]} 7. Be2 {[%clk 1:31:38]} O-O {[%clk 1:27:42]} 8.
O-O {[%clk 1:31:32]} d6 {[%clk 1:26:39]} 9. Bg5 {[%clk 1:31:46]} Bd7 {[%clk
1:24:28]} 10. Kh1 {[%clk 1:29:57]} a6 {[%clk 1:22:50]} 11. f4 {[%clk 1:28:16]}
b5 {[%clk 1:21:26]} 12. Bf3 {[%clk 1:25:40]} Rc8 {[%clk 1:19:04]} 13. Re1
{[%clk 1:23:50]} Ne8 {[%clk 1:10:29]} 14. Rb1 {[%clk 1:18:07]} Nc7 {[%clk
1:06:07]} 15. Nd5 {[%clk 1:07:28]} f6 {[%clk 0:59:36]} 16. Bh4 {[%clk 1:07:14]}
Be6 {[%clk 0:56:06]} 17. c3 {[%clk 1:02:04]} a5 {[%clk 0:52:38]} 18. Bf2 {[%clk
0:56:21]} a4 {[%clk 0:50:00]} 19. Nd2 {[%clk 0:52:09]} Bf7 {[%clk 0:47:16]} 20.
Bb6 {[%clk 0:47:44]} Bxd5 {[%clk 0:45:01]} 21. exd5 {[%clk 0:47:18]} Nb8 {[%clk
0:44:27]} 22. c4 bxc4 23. Qxa4 Nd7 24. Bf2 Nc5 25. Bxc5 dxc5 26. Qxc4 Kh8 27.
Qxc5 Re8 28. Nb3 Na6 29. Qa5 Qd6 30. Re6 Qxf4 31. Qxa6 Ra8 32. Qe2 Rxa2 33. d6
Bf8 34. dxe7 Raa8 35. Bxa8 Rxa8 36. e8=Q Rxe8 37. Rxe8 Qd6 38. Rd1 Qb4 39.
Rxf8+ Qxf8 40. Qd3 Qb4 41. Qd4 Qxd4 42. Rxd4 Kg7 43. Rd7+ Kh6 44. Nd4 f5 45. b4
Kg5 46. Rxh7 Kg4 47. Nxf5 gxf5 48. Rf7 Kf4 49. b5 Ke3 50. Rxf5 Kd4 51. b6 Ke4
52. Rf8 Kd3 53. b7 Kc2 54. b8=Q Kd3 55. Qe5 Kc4 56. Qd6 Kc3 57. Rc8+ Kb3 58.
Qb6+ Ka4 59. Ra8# 1-0

[Event "DVM U14 2018"]
[Site "Magdeburg GER"]
[Date "2018.12.28"]
[Round "4"]
[White "Afonso, Phil"]
[Black "Franz, Franz Theodor"]
[Result "1-0"]
[Termination "normal"]
[Board "3.4"]
[WhiteElo "1595"]
[BlackElo "1451"]
[WhiteClock "00:46:00"]
[BlackClock "00:02:42"]
[WhiteTeam "SF 59 Kornwestheim"]
[BlackTeam "SV Mattnetz Berlin"]
[PlyCount "73"]
[WhiteFideId "16207475"]
[BlackFideId "12992674"]
[EventCountry "GER"]
[EventRounds "7"]
[EventType "team-swiss"]
[EventDate "2018.12.26"]

1. e4 {[%clk 1:30:51]} e5 {[%clk 1:30:47]} 2. Nf3 {[%clk 1:31:15]} Nc6 {[%clk
1:31:07]} 3. Bc4 {[%clk 1:31:38]} Nf6 {[%clk 1:30:59]} 4. d3 {[%clk 1:31:55]}
Be7 {[%clk 1:30:47]} 5. O-O {[%clk 1:30:55]} d6 {[%clk 1:30:56]} 6. c3 {[%clk
1:31:15]} O-O {[%clk 1:30:38]} 7. Nbd2 {[%clk 1:31:27]} Be6 {[%clk 1:25:29]} 8.
Bb3 Qd7 {[%clk 1:23:16]} 9. Re1 {[%clk 1:29:14]} Rad8 {[%clk 1:19:30]} 10. d4
{[%clk 1:26:56]} Bxb3 {[%clk 1:18:51]} 11. axb3 {[%clk 1:26:39]} a6 {[%clk
1:15:27]} 12. d5 {[%clk 1:26:36]} Nb8 {[%clk 1:12:28]} 13. Nf1 {[%clk 1:25:57]}
c6 {[%clk 1:10:01]} 14. c4 {[%clk 1:24:52]} cxd5 {[%clk 1:03:39]} 15. cxd5
{[%clk 1:24:55]} Rc8 {[%clk 1:02:24]} 16. Ng3 {[%clk 1:23:48]} Rc5 {[%clk
0:52:37]} 17. Nf5 {[%clk 1:19:37]} Rfc8 {[%clk 0:46:06]} 18. Be3 {[%clk
1:15:26]} Rc2 {[%clk 0:35:59]} 19. Rc1 {[%clk 1:15:18]} Rxc1 {[%clk 0:36:02]}
20. Bxc1 {[%clk 1:15:42]} Qe8 {[%clk 0:33:46]} 21. Bg5 {[%clk 1:14:44]} Nbd7
{[%clk 0:32:42]} 22. Qd3 {[%clk 1:11:35]} Nc5 {[%clk 0:30:55]} 23. Qc2 {[%clk
0:59:52]} Bf8 {[%clk 0:27:35]} 24. Bxf6 {[%clk 0:59:28]} gxf6 {[%clk 0:27:58]}
25. Qd1 {[%clk 0:56:13]} Rd8 {[%clk 0:18:44]} 26. N3h4 {[%clk 0:54:11]} Bg7
{[%clk 0:16:46]} 27. Re3 {[%clk 0:53:49]} Kh8 {[%clk 0:12:36]} 28. Rg3 {[%clk
0:52:19]} Nxe4 {[%clk 0:09:58]} 29. Rxg7 {[%clk 0:51:33]} Rc8 {[%clk 0:07:45]}
30. h3 {[%clk 0:49:27]} Qb5 {[%clk 0:07:09]} 31. Rxh7+ {[%clk 0:46:39]} Kxh7
{[%clk 0:04:45]} 32. Qh5+ {[%clk 0:46:48]} Kg8 {[%clk 0:05:13]} 33. Nh6+ {[%clk
0:46:55]} Kh8 {[%clk 0:03:41]} 34. Nxf7+ {[%clk 0:46:37]} Kg7 {[%clk 0:02:28]}
35. Nf5+ {[%clk 0:45:41]} Kf8 {[%clk 0:02:20]} 36. Qh8+ {[%clk 0:45:44]} Kxf7
{[%clk 0:02:42]} 37. Qg7+ {[%clk 0:46:00]} 1-0

[Event "DVM U14 2018"]
[Site "Magdeburg GER"]
[Date "2018.12.28"]
[Round "4"]
[White "Astner, Sebastian"]
[Black "Kamp, Adrian"]
[Result "1/2-1/2"]
[Termination "normal"]
[Board "4.1"]
[WhiteElo "1907"]
[BlackElo "1895"]
[WhiteClock "00:35:07"]
[BlackClock "00:24:20"]
[WhiteTeam "FC Ergolding"]
[BlackTeam "SK Münster"]
[PlyCount "65"]
[WhiteFideId "12979422"]
[BlackFideId "16222466"]
[EventCountry "GER"]
[EventRounds "7"]
[EventType "team-swiss"]
[EventDate "2018.12.26"]

1. e4 {[%clk 1:30:58]} c5 {[%clk 1:30:52]} 2. Nc3 {[%clk 1:31:24]} d6 {[%clk
1:31:05]} 3. Bb5+ {[%clk 1:31:44]} Bd7 {[%clk 1:31:20]} 4. Bxd7+ {[%clk
1:32:04]} Qxd7 {[%clk 1:31:31]} 5. f4 {[%clk 1:31:56]} Nc6 {[%clk 1:31:13]} 6.
d3 {[%clk 1:31:37]} g6 {[%clk 1:30:46]} 7. Nf3 {[%clk 1:31:26]} Bg7 {[%clk
1:30:22]} 8. O-O {[%clk 1:30:59]} e6 {[%clk 1:29:58]} 9. Qe1 {[%clk 1:28:26]}
Nge7 {[%clk 1:28:52]} 10. Bd2 {[%clk 1:23:30]} Nd4 {[%clk 1:25:44]} 11. Nxd4
{[%clk 1:16:53]} cxd4 {[%clk 1:23:50]} 12. Ne2 {[%clk 1:17:16]} O-O {[%clk
1:22:28]} 13. Ng3 {[%clk 1:14:51]} f5 {[%clk 1:21:35]} 14. Qe2 {[%clk 1:02:04]}
Rac8 {[%clk 1:14:55]} 15. Bb4 {[%clk 1:00:16]} b6 {[%clk 1:08:04]} 16. Rae1
{[%clk 0:55:23]} a5 {[%clk 1:05:26]} 17. Ba3 {[%clk 0:55:08]} Rfe8 {[%clk
1:04:53]} 18. Rf2 {[%clk 0:50:15]} b5 {[%clk 1:03:48]} 19. b3 {[%clk 0:49:52]}
b4 {[%clk 1:03:36]} 20. Bb2 {[%clk 0:49:53]} Nc6 {[%clk 0:54:18]} 21. exf5
{[%clk 0:46:07]} exf5 {[%clk 0:51:56]} 22. Qd1 {[%clk 0:45:46]} Re3 {[%clk
0:37:58]} 23. Rfe2 {[%clk 0:43:04]} Rce8 {[%clk 0:36:46]} 24. Nf1 {[%clk
0:42:08]} R3e6 {[%clk 0:35:20]} 25. Kf2 {[%clk 0:37:16]} d5 {[%clk 0:29:23]}
26. Rxe6 {[%clk 0:34:58]} Rxe6 {[%clk 0:29:45]} 27. Rxe6 {[%clk 0:35:27]} Qxe6
{[%clk 0:30:07]} 28. Qe2 {[%clk 0:35:41]} Qxe2+ {[%clk 0:27:09]} 29. Kxe2
{[%clk 0:36:05]} Kf7 {[%clk 0:25:52]} 30. Nd2 {[%clk 0:36:19]} Nd8 {[%clk
0:25:28]} 31. Nf3 {[%clk 0:35:42]} Ne6 {[%clk 0:25:46]} 32. g3 {[%clk 0:35:31]}
Bf6 {[%clk 0:24:20]} 33. h4 {[%clk 0:35:07]} 1/2-1/2